000 00498nmm a2200169Ia 4500
008 251105s9999||||xx |||||||||||||||||und||
020 _a9789587411980
041 _aspa
100 _aGutiérrez García, Ismael
245 0 _aÁlgebra lineal
264 _a[Bogotá, Colombia] :
_bUniversidad del Norte,
_c2011
300 _a226 páginas
700 _aGutiérrez García, Ismael
700 1 _a Robinson Evilla, Jorge
856 _uhttps://public.digitaliapublishing.com/a/17355
942 _cCF
999 _c66614
_d66614